Arquitectura de computadoras
| Main Author: | |
|---|---|
| Format: | Section = Libro |
| Language: | Undetermined Spanish |
| Published: |
México
Pearson
2013
|
| Edition: | 5a ed. |
| Subjects: |
| LEADER | 00760nam a2200289Ia 4500 | ||
|---|---|---|---|
| 008 | 240830s9999 xx 000 0 und d | ||
| 020 | |a 978-607-32-1508-4 | ||
| 040 | |a B-ESTELÍ- RUACS / 621.39 M875 | ||
| 041 | |a spa | ||
| 082 | |a 621.39 M875 | ||
| 100 | 1 | |a Badui Dergal, Salvador | |
| 245 | 1 | 0 | |a Arquitectura de computadoras |
| 250 | |a 5a ed. | ||
| 260 | |a México |b Pearson |c 2013 | ||
| 300 | |a 722 p. | ||
| 650 | 7 | |a QUÍMICA DE LOS ALIMENTOS | |
| 650 | 7 | |b AGUA | |
| 650 | 7 | |c HIDRATOS DE CARBONO | |
| 650 | 7 | |d PROTEÍNAS | |
| 650 | 7 | |e LÍPIDOS | |
| 650 | 7 | |f ENZIMAS | |
| 650 | 7 | |g VITAMINAS Y NUTRIMENTOS INORGÁNICOS | |
| 650 | 7 | |h PIGMENTOS | |
| 650 | 7 | |i OLOR Y SABOR DE LOS ALIMENTOS | |
| 942 | |c BK |2 ddc | ||
| 991 | |a TEXTO | ||
| 999 | |c 11215 | ||